000
00251nam a2200097Ia 4500
001
1250640
005
20251031150900.0
008
251031s9999 xx 000 0 und d
245
0
_c
NECİB MAHFUZ
_a
D-3 ZAMANIN HÜKMÜ
260
_b
KIRMIZI KEDİ YAYNLARI
999
_c
1250640
_d
1250640